ʻĪd al-naṣr al-ʻāshir, Muḥāfaẓat Sīnāʼ. (Record no. 49677)

MARC details
000 -LEADER
fixed length control field 00589cam a22002171 4500
001 - CONTROL NUMBER
control field ne 67001207
003 - CONTROL NUMBER IDENTIFIER
control field DLC
005 - DATE AND TIME OF LATEST TRANSACTION
control field 20260227111833.0
008 - FIXED-LENGTH DATA ELEMENTS--GENERAL INFORMATION
fixed length control field 890401s1967 xx ac 000 0 ara
010 ## - LIBRARY OF CONGRESS CONTROL NUMBER
LC control number ne 67001207
035 ## - SYSTEM CONTROL NUMBER
System control number (OCoLC)23515689
040 ## - CATALOGING SOURCE
Original cataloging agency DLC
Transcribing agency MiU
Modifying agency DLC
042 ## - AUTHENTICATION CODE
Authentication code premarc
050 00 - LIBRARY OF CONGRESS CALL NUMBER
Classification number DS110.5
Item number .U53
110 1# - MAIN ENTRY--CORPORATE NAME
Corporate name or jurisdiction name as entry element United Arab Republic.
Subordinate unit Maṣlaḥat al-Istiʻlāmāt.
245 10 - TITLE STATEMENT
Title ʻĪd al-naṣr al-ʻāshir, Muḥāfaẓat Sīnāʼ.
260 ## - PUBLICATION, DISTRIBUTION, ETC.
Date of publication, distribution, etc. [1967]
300 ## - PHYSICAL DESCRIPTION
Extent 75 p.
Other physical details illus., port.
Dimensions 265 cm.
500 ## - GENERAL NOTE
General note Romanized.
651 #0 - SUBJECT ADDED ENTRY--GEOGRAPHIC NAME
Geographic name Sinai (Egypt)

No items available.

Powered by Koha